Science Quiz

Random Science or Animal Quiz

Sea Life A-Z Quiz Stats

 Plays Quiz Updated Jul 14, 2016

Score 0/25 Timer 08:00
1 Play Today
% Correct
Jellyfish
92.1%
Octopus
91.9%
Great White Shark
91.6%
Humpback Whale
88.2%
Pufferfish
86.2%
Beluga Whale
84.5%
Narwhal
83.8%
Manta Ray
81%
Urchin
80%
Tuna
78.3%
Elephant Seal
76.6%
Anglerfish
75.4%
Whale Shark
72.2%
% Correct
Krill
69.1%
Flounder
67.9%
Cuttlefish
67.3%
Sea Cucumber
58%
Dugong
55.1%
Lamprey
52.6%
Quahog
35.5%
Yellow Tang
29.8%
Zebra Turkeyfish or Zebra Lionfish
23.3%
Red King Crab
18%
Viperfish
16.8%
Ivory Tree Coral
7.6%

You're not logged in!

Compare scores with friends on all Sporcle quizzes.
OR
Log In

Show Comments

Extras

Top Quizzes Today


Score Distribution

Your Account Isn't Verified!

In order to create a playlist on Sporcle, you need to verify the email address you used during registration. Go to your Sporcle Settings to finish the process.

Report this User

Report this user for behavior that violates our Community Guidelines.

Details: